| 000 | 00636nam a2200229Ia 4500 | ||
|---|---|---|---|
| 003 | OSt | ||
| 005 | 20220924113119.0 | ||
| 006 | a|||||r|||| 00| 0 | ||
| 007 | ta | ||
| 008 | 220923b |||||||| |||| 00| 0 eng d | ||
| 024 | _a60192 | ||
| 037 | _cDictionary | ||
| 040 |
_aARTS _cARTS _beng |
||
| 041 |
_2eng _aeng |
||
| 082 | _aP65:4k, 111G9 (PD) | ||
| 245 | 0 | _aStandard Swahili English dictionary founded on Madan's swahili english dictionary | |
| 260 |
_aLondon _bOUP _c1939 |
||
| 300 |
_a548p. _ccm. |
||
| 650 | _aLINGUISTICS | ||
| 942 |
_hP65:4k, 111G9 (PD) _cdic _2cc |
||
| 999 |
_c389270 _d389270 |
||